[Event "SWE-ch 2018"]
[Site "Ronneby"]
[Date "2018.07.01"]
[Round "2"]
[White "Von Bahr, Oskar"]
[Black "Grandelius, Nils"]
[Result "0-1"]
[WhiteElo "2432"]
[BlackElo "2668"]
[Annotator "ChessBase"]
[PlyCount "62"]
[EventDate "2018.06.30"]
[EventType "tourn"]
[EventCountry "SWE"]
[SourceTitle "playchess.com"]
[Source "ChessBase"]
[SourceQuality "1"]
[TimeControl "40/5400+30:1800+30"]

1. Nf3 {[%emt 0:00:00]} d5 {[%emt 0:00:14]} 2. g3 {[%emt 0:00:00]} Nd7 {[%emt 0:00:55]} 3. c4 {[%emt 0:06:52]} dxc4 {[%emt 0:00:43]} 4. Qa4 {[%emt 0:02:16]} g6 {[%emt 0:06:55]} 5. Bg2 {[%emt 0:02:45]} Bg7 {[%emt 0:03:45]} 6. O-O {[%emt 0:01:26]} Nh6 {[%emt 0:01:17]} 7. Qxc4 {[%emt 0:01:16]} O-O {[%emt 0:01:11]} 8. d3 {[%emt 0:03:30]} Nb6 {[%emt 0:04:34]} 9. Qc2 {[%emt 0:03:04]} Nf5 {[%emt 0:08:33]} 10. Nbd2 {[%emt 0:06:40]} Bd7 {[%emt 0:04:09]} 11. Rb1 {[%emt 0:07:48]} Rc8 {[%emt 0:04:16]} 12. Nc4 {[%emt 0:24:27]} c5 {[%emt 0:05:21]} 13. e3 {[%emt 0:02:22]} Nxc4 {[%emt 0:05:40]} 14. dxc4 {[%emt 0:01:21]} Nd6 {[%emt 0:01:19]} 15. Nd2 {[%emt 0:06:03]} Qa5 {[%emt 0:04:14]} 16. b3 {[%emt 0:02:22]} b5 {[%emt 0:03:09]} 17. Rd1 {[%emt 0:02:23]} Bg4 {[%emt 0:06:31]} 18. Bf3 {[%emt 0:01:27]} Bf5 {[%emt 0:02:14]} 19. e4 {[%emt 0:00:48]} Be6 {[%emt 0:00:02]} 20. Be2 {[%emt 0:04:10]} Rfd8 {[%emt 0:01:16]} 21. Kg2 {[%emt 0:01:33]} h5 {[%emt 0:04:47]} 22. f3 {[%emt 0:02:29]} Rb8 {[%emt 0:04:54]} 23. cxb5 {[%emt 0:03:27]} Nxb5 {[%emt 0:00:14]} 24. Bxb5 {[%emt 0:01:09]} Qxb5 {[%emt 0:01:17]} 25. Re1 {[%emt 0:00:44]} Rd3 {[%emt 0:04:02]} 26. Bb2 {[%emt 0:03:25]} Qd7 {[%emt 0:00:07]} 27. Re2 {[%emt 0:01:28]} Bh3+ {[%emt 0:00:52]} 28. Kh1 {[%emt 0:00:55]} Bxb2 {[%emt 0:04:55]} 29. Rxb2 {[%emt 0:01:02]} Qd4 {[%emt 0:01:21]} 30. Rb1 {[%emt 0:01:48]} Rd8 {[%emt 0:01:34]} 31. Rb2 {[%emt 0:00:27]} Re3 {[%emt 0:02:20]} 0-1

[Event "SWE-ch 2018"]
[Site "Ronneby"]
[Date "2018.07.03"]
[Round "4"]
[White "Westerberg, Jonathan"]
[Black "Grandelius, Nils"]
[Result "0-1"]
[WhiteElo "2517"]
[BlackElo "2668"]
[Annotator "ChessBase"]
[PlyCount "80"]
[EventDate "2018.06.30"]
[EventType "tourn"]
[EventCountry "SWE"]
[SourceTitle "playchess.com"]
[Source "ChessBase"]
[SourceQuality "1"]
[TimeControl "40/5400+30:1800+30"]

1. d4 {[%emt 0:00:00]} Nf6 {[%emt 0:00:00]} 2. Nf3 {[%emt 0:00:07]} d5 {[%emt 0:01:56]} 3. Bf4 {[%emt 0:01:46]} e6 {[%emt 0:02:35]} 4. e3 {[%emt 0:00:13]} Bd6 {[%emt 0:02:38]} 5. Bxd6 {[%emt 0:00:37]} cxd6 {[%emt 0:00:05]} 6. c4 {[%emt 0:00:17]} dxc4 {[%emt 0:00:45]} 7. Bxc4 {[%emt 0:00:31]} O-O {[%emt 0:00:04]} 8. O-O {[%emt 0:02:53]} a6 {[%emt 0:01:09]} 9. Nbd2 {[%emt 0:08:20]} Nc6 {[%emt 0:06:25]} 10. Be2 {[%emt 0:05:33]} e5 {[%emt 0:12:31]} 11. dxe5 {[%emt 0:01:20]} dxe5 {[%emt 0:00:07]} 12. Nc4 {[%emt 0:06:22]} e4 {[%emt 0:01:29]} 13. Qxd8 {[%emt 0:10:23]} Rxd8 {[%emt 0:00:11]} 14. Nfe5 {[%emt 0:00:11]} Nxe5 {[%emt 0:04:25]} 15. Nxe5 {[%emt 0:00:02]} Be6 {[%emt 0:01:03]} 16. Bc4 {[%emt 0:00:14]} Nd5 {[%emt 0:23:41]} 17. Bb3 {[%emt 0:03:40]} a5 {[%emt 0:00:08]} 18. a3 {[%emt 0:20:57]} a4 {[%emt 0:01:54]} 19. Ba2 {[%emt 0:01:45]} Rac8 {[%emt 0:01:22]} 20. Rfd1 {[%emt 0:10:21]} b5 {[%emt 0:11:55]} 21. h3 {[%emt 0:02:53]} f6 {[%emt 0:03:53]} 22. Ng4 {[%emt 0:00:27]} Nc7 {[%emt 0:02:36]} 23. Rxd8+ {[%emt 0:08:05]} Rxd8 {[%emt 0:00:02]} 24. Bxe6+ {[%emt 0:00:25]} Nxe6 {[%emt 0:00:04]} 25. Nh2 {[%emt 0:00:03]} Rd2 {[%emt 0:02:17]} 26. Rb1 {[%emt 0:02:48]} Nc5 {[%emt 0:00:55]} 27. Nf1 {[%emt 0:01:36]} Rc2 {[%emt 0:00:05]} 28. Ng3 {[%emt 0:03:07]} g6 {[%emt 0:01:05]} 29. Rd1 {[%emt 0:01:46]} Rxb2 {[%emt 0:01:22]} 30. Rd8+ {[%emt 0:00:11]} Kf7 {[%emt 0:01:28]} 31. Rc8 {[%emt 0:00:01]} Nd3 {[%emt 0:01:31]} 32. Nxe4 {[%emt 0:01:25]} b4 {[%emt 0:01:54]} 33. axb4 {[%emt 0:01:28]} a3 {[%emt 0:00:29]} 34. Ra8 {[%emt 0:00:40]} a2 {[%emt 0:01:00]} 35. Kh2 {[%emt 0:00:19]} Nxb4 {[%emt 0:00:37]} 36. Ra7+ {[%emt 0:00:35]} Ke6 {[%emt 0:01:32]} 37. Nc3 {[%emt 0:00:23]} Rxf2 {[%emt 0:04:24]} 38. Kg3 {[%emt 0:00:03]} Rc2 {[%emt 0:01:14]} 39. Nxa2 {[%emt 0:00:02]} Rxa2 {[%emt 0:00:16]} 40. Rxh7 {[%emt 0:00:04]} Nd5 {[%emt 0:01:47]} 0-1

[Event "SWE-ch 2018"]
[Site "Ronneby"]
[Date "2018.07.03"]
[Round "4"]
[White "Blomqvist, Erik"]
[Black "Cramling, Pia"]
[Result "1/2-1/2"]
[WhiteElo "2505"]
[BlackElo "2452"]
[Annotator "TA"]
[PlyCount "169"]
[EventDate "2018.06.30"]
[EventType "tourn"]
[EventCountry "SWE"]
[SourceTitle "playchess.com"]
[Source "ChessBase"]
[SourceQuality "1"]

{[%evp 20,169,22,19,70,37,48,44,41,22,38,37,31,36,39,10,81,0,63,27,35,26,107,113,132,139,133,138,127,127,112,93,75,59,58,59,82,62,63,62,71,16,62,62,65,61,99,52,52,47,47,49,51,49,54,55,69,55,58,55,55,55,55,55,55,55,55,55,96,96,112,58,57,52,90,57,90,38,60,0,43,41,81,81,91,92,92,92,111,85,91,90,164,169,176,169,183,182,171,160,121,76,76,76,76,76,76,76,76,76,76,76,76,76,76,76,76,76,76,76,76,45,45,45,76,45,62,61,61,45,45,45,45,45,45,45,45,45,45,38,45,38,41,41,45,33,33,33,34,34,34,34]} 1. e4 c5 2. Nf3 Nc6 3. Bb5 g6 4. Bxc6 bxc6 5. O-O Bg7 6. Re1 Nh6 7. c3 O-O 8. d4 {B31: Sicilian: 2...Nc6 3 Bb5 g6} d5 9. e5 cxd4 10. cxd4 f6 11. h3 {LiveBook: 37 Games} Rb8 $146 (11... fxe5 $11 12. Bxh6 Bxh6) ({Predecessor:} 11... fxe5 12. Nxe5 Qb6 13. b3 Nf7 14. Bf4 Nd6 15. Be3 Nf5 16. Nc3 Bxe5 17. dxe5 Nxe3 18. fxe3 {1-0 (40) Fedorchuk,S (2621)-Blomqvist,E (2546) Minsk 2017}) 12. Nbd2 Nf7 {[%cal Bh6f7,Bf7d6,Bd6e4][%mdl 32]} 13. exf6 exf6 14. Nb3 Nd6 15. Bf4 Rb6 16. Rc1 Ne4 17. Nfd2 g5 (17... f5 $11 {keeps the balance.}) 18. Bh2 (18. Nxe4 $16 {Black must now prevent Bd6.} dxe4 19. Bd2) 18... Bf5 (18... f5 $11) 19. f3 Nd6 20. Na5 Qd7 ({Don't go for} 20... Rxb2 $2 21. Nxc6 Qb6 22. Bxd6 $18) (20... Rf7 $11) 21. Ndb3 $16 Nc4 22. Nxc4 dxc4 23. Rxc4 Qf7 24. Qe2 Rd8 25. Kh1 (25. Na5 {is more complex.} Qd7 26. b4 Bg6 27. Qe7 Bf7 28. Nxc6 Bxc4 29. Qxd8+ Qxd8 30. Nxd8 Bf8 31. a3) 25... Bf8 26. Rec1 Re8 27. Qd2 Qd7 28. Nc5 Bxc5 $1 29. Rxc5 Be6 $1 30. Re1 (30. h4 $16 gxh4 31. Qf4) 30... Bd5 31. b3 Rb7 32. Rc3 Qd8 33. Rce3 Rbe7 34. Bg3 Rxe3 35. Rxe3 Rxe3 36. Qxe3 Qd7 37. Kg1 Be6 38. Qc3 {d5! is the strong threat.} Qd5 39. Kh2 Kf7 40. Qb4 Qb5 41. Qa3 a6 42. Qd6 Qb7 43. Qd8 Kg6 44. h4 {aiming for hxg5.} h6 45. Qe8+ ({White should try} 45. h5+ $16 Kxh5 46. Qxf6) 45... Bf7 $14 46. Qf8 Bd5 47. Kg1 Qa7 48. Qb4 (48. Bf2 $16) 48... a5 49. Qa4 (49. Bb8 $14) 49... Qb6 50. Be1 gxh4 51. Bxh4 Qb5 52. Qa3 $36 {[%mdl 2048] [#] Hoping for Qe7. White is on the roll.} Qd3 53. Qb2 Kf7 54. Bf2 Qg6 55. Qe2 a4 (55... Qg5 $16 56. Be3 Qg6) 56. bxa4 $18 Qb1+ {[#]} 57. Kh2 $1 Qxa2 58. Qxa2 Bxa2 {[%mdl 4096] Endgame KB-KB} 59. a5 Bc4 60. Kg3 h5 61. Kf4 Ke6 62. Bh4 Bf1 63. Ke3 Kf7 64. Kf2 Ba6 65. Bg3 Ke6 66. Bc7 Kd7 67. Bb6 Bc4 68. Bc5 Bb5 69. Bb4 Bc4 70. Bc3 f5 71. Bd2 Bb5 72. Bg5 Bc4 {White is slightly better.} 73. Ke3 Bf1 $1 74. Bf4 Kc8 75. Kf2 Bc4 76. Kg3 Bf1 77. Be5 Kb7 78. Bd6 Ka6 79. Bc7 Kb7 80. Bd8 Ka6 81. Kf2 Bc4 82. Ke3 Bf1 $1 83. g3 Kb7 84. Kf4 Be2 85. Kxf5 {Precision: White = 60%, Black = 55%.} 1/2-1/2

[Event "SWE-ch 2018"]
[Site "Ronneby"]
[Date "2018.07.03"]
[Round "4"]
[White "Tikkanen, Hans"]
[Black "Seo, Jung Min"]
[Result "1-0"]
[WhiteElo "2495"]
[BlackElo "2347"]
[Annotator "ChessBase"]
[PlyCount "123"]
[EventDate "2018.06.30"]
[EventType "tourn"]
[EventCountry "SWE"]
[SourceTitle "playchess.com"]
[Source "ChessBase"]
[SourceQuality "1"]
[TimeControl "40/5400+30:1800+30"]

1. d4 {[%emt 0:00:00]} Nf6 {[%emt 0:00:00]} 2. Nf3 {[%emt 0:00:00]} d5 {[%emt 0:00:00]} 3. e3 {[%emt 0:00:04]} e6 {[%emt 0:00:14]} 4. Bd3 {[%emt 0:00:08]} Be7 {[%emt 0:01:44]} 5. Nbd2 {[%emt 0:01:51]} Nbd7 {[%emt 0:00:09]} 6. Qe2 {[%emt 0:16:56]} c5 {[%emt 0:00:34]} 7. c3 {[%emt 0:02:03]} O-O {[%emt 0:13:41]} 8. O-O {[%emt 0:00:35]} b6 {[%emt 0:01:04]} 9. e4 {[%emt 0:01:39]} dxe4 {[%emt 0:00:22]} 10. Nxe4 {[%emt 0:00:14]} Bb7 {[%emt 0:00:15]} 11. Neg5 {[%emt 0:31:26]} h6 {[%emt 0:21:28]} 12. Nh3 {[%emt 0:00:03]} cxd4 {[%emt 0:02:50]} 13. cxd4 {[%emt 0:00:08]} Nd5 {[%emt 0:14:59]} 14. a3 {[%emt 0:01:49]} Re8 {[%emt 0:05:48]} 15. Ne5 {[%emt 0:03:32]} Nxe5 {[%emt 0:11:03]} 16. dxe5 {[%emt 0:00:06]} Bf8 {[%emt 0:00:37]} 17. Qg4 {[%emt 0:18:21]} Ne3 {[%emt 0:03:16]} 18. Bxe3 {[%emt 0:00:11]} Qxd3 {[%emt 0:00:03]} 19. Bxh6 {[%emt 0:00:22]} Rad8 {[%emt 0:07:25]} 20. Be3 {[%emt 0:04:38]} Qb5 {[%emt 0:03:01]} 21. Bd4 {[%emt 0:06:51]} Qc6 {[%emt 0:05:17]} 22. Bc3 {[%emt 0:00:35]} Qe4 {[%emt 0:04:05]} 23. Qxe4 {[%emt 0:04:41]} Bxe4 {[%emt 0:00:01]} 24. Rfe1 {[%emt 0:00:47]} Bf5 {[%emt 0:00:20]} 25. Ng5 {[%emt 0:01:27]} Bc5 {[%emt 0:00:24]} 26. Ne4 {[%emt 0:00:58]} Be7 {[%emt 0:00:49]} 27. f3 {[%emt 0:02:49]} Rd5 {[%emt 0:00:43]} 28. Kf2 {[%emt 0:00:58]} Red8 {[%emt 0:00:38]} 29. Ke2 {[%emt 0:00:19]} Kf8 {[%emt 0:00:45]} 30. h4 {[%emt 0:00:52]} Ke8 {[%emt 0:01:01]} 31. Rh1 {[%emt 0:00:27]} Rd3 {[%emt 0:01:12]} 32. Nf2 {[%emt 0:00:33]} R3d5 {[%emt 0:00:22]} 33. Rac1 {[%emt 0:00:31]} Bc5 {[%emt 0:00:42]} 34. h5 {[%emt 0:00:28]} Bxf2 {[%emt 0:01:18]} 35. Kxf2 {[%emt 0:00:02]} Bd3 {[%emt 0:00:34]} 36. Rh4 {[%emt 0:00:49]} Bb5 {[%emt 0:00:21]} 37. h6 {[%emt 0:00:31]} gxh6 {[%emt 0:00:04]} 38. Rxh6 {[%emt 0:00:02]} a5 {[%emt 0:00:22]} 39. Rch1 {[%emt 0:00:22]} Rd1 {[%emt 0:00:21]} 40. Rxd1 {[%emt 0:01:00]} Rxd1 {[%emt 0:00:02]} 41. Rh8+ {[%emt 0:30:09]} Kd7 {[%emt 0:30:09]} 42. Rf8 {[%emt 0:00:09]} Bc4 {[%emt 0:00:00]} 43. Rxf7+ {[%emt 0:00:00]} Kc6 {[%emt 0:00:00]} 44. g4 {[%emt 0:00:00]} Rd8 {[%emt 0:00:00]} 45. Kg3 {[%emt 0:00:00]} a4 {[%emt 0:00:00]} 46. Rf6 {[%emt 0:00:00]} Rg8 {[%emt 0:00:00]} 47. Rf4 {[%emt 0:00:00]} b5 {[%emt 0:00:00]} 48. Rd4 {[%emt 0:00:00]} Bd5 {[%emt 0:00:00]} 49. Bb4 {[%emt 0:00:00]} Rh8 {[%emt 0:00:00]} 50. g5 {[%emt 0:00:00]} Rg8 {[%emt 0:00:00]} 51. Kg4 {[%emt 0:00:00]} Kd7 {[%emt 0:00:00]} 52. f4 {[%emt 0:00:00]} Ke8 {[%emt 0:00:00]} 53. Rxd5 {[%emt 0:00:00]} exd5 {[%emt 0:00:00]} 54. f5 {[%emt 0:00:00]} d4 {[%emt 0:00:00]} 55. e6 {[%emt 0:00:19]} d3 {[%emt 0:00:00]} 56. f6 {[%emt 0:00:12]} Rf8 {[%emt 0:00:00]} 57. f7+ {[%emt 0:00:39]} Kd8 {[%emt 0:00:00]} 58. e7+ {[%emt 0:00:05]} Kd7 {[%emt 0:00:00]} 59. exf8=Q {[%emt 0:00:10]} d2 {[%emt 0:00:00]} 60. Qd6+ {[%emt 0:00:15]} Kc8 {[%emt 0:00:00]} 61. f8=Q+ {[%emt 0:00:30]} Kb7 {[%emt 0:00:00]} 62. Qfb8# 1-0

[Event "SWE-ch 2018"]
[Site "Ronneby"]
[Date "2018.07.03"]
[Round "4"]
[White "Smith, Axel"]
[Black "Hillarp Persson, Tiger"]
[Result "1/2-1/2"]
[WhiteElo "2491"]
[BlackElo "2534"]
[Annotator "ChessBase"]
[PlyCount "102"]
[EventDate "2018.06.30"]
[EventType "tourn"]
[EventCountry "SWE"]
[SourceTitle "playchess.com"]
[Source "ChessBase"]
[SourceQuality "1"]
[TimeControl "40/5400+30:1800+30"]

1. d4 {[%emt 0:00:00]} g6 {[%emt 0:00:00]} 2. e4 {[%emt 0:00:00]} Bg7 {[%emt 0:00:00]} 3. Nf3 {[%emt 0:00:00]} d6 {[%emt 0:00:00]} 4. Bc4 {[%emt 0:00:00]} Nf6 {[%emt 0:00:05]} 5. Qe2 {[%emt 0:00:56]} O-O {[%emt 0:00:12]} 6. e5 {[%emt 0:00:36]} dxe5 {[%emt 0:01:22]} 7. dxe5 {[%emt 0:00:33]} Nd5 {[%emt 0:00:08]} 8. O-O {[%emt 0:07:04]} Bg4 {[%emt 0:00:37]} 9. Nbd2 {[%emt 0:06:00]} Nb6 {[%emt 0:00:11]} 10. h3 {[%emt 0:12:54]} Nxc4 {[%emt 0:31:10]} 11. hxg4 {[%emt 0:00:58]} Nxd2 {[%emt 0:00:08]} 12. Bxd2 {[%emt 0:03:47]} Nc6 {[%emt 0:00:09]} 13. Bc3 {[%emt 0:09:17]} e6 {[%emt 0:04:52]} 14. g5 {[%emt 0:15:03]} a6 {[%emt 0:26:06]} 15. Rad1 {[%emt 0:07:11]} Qe7 {[%emt 0:00:08]} 16. Qe4 {[%emt 0:01:23]} Rfd8 {[%emt 0:00:31]} 17. a3 {[%emt 0:13:24]} Rxd1 {[%emt 0:01:02]} 18. Rxd1 {[%emt 0:00:01]} Rd8 {[%emt 0:00:14]} 19. Rd3 {[%emt 0:00:24]} Rd7 {[%emt 0:06:13]} 20. a4 {[%emt 0:12:17]} Qd8 {[%emt 0:03:14]} 21. Rxd7 {[%emt 0:00:02]} Qxd7 {[%emt 0:00:11]} 22. Qe2 {[%emt 0:00:02]} Qd5 {[%emt 0:05:33]} 23. b3 {[%emt 0:00:02]} Bf8 {[%emt 0:09:19]} 24. Bb2 {[%emt 0:02:05]} Be7 {[%emt 0:00:06]} 25. Kf1 {[%emt 0:01:25]} Qd8 {[%emt 0:00:23]} 26. Bc1 {[%emt 0:00:22]} Nd4 {[%emt 0:01:53]} 27. Qd3 {[%emt 0:04:22]} Nxf3 {[%emt 0:00:24]} 28. Qxd8+ {[%emt 0:00:02]} Bxd8 {[%emt 0:00:10]} 29. gxf3 {[%emt 0:00:01]} Kf8 {[%emt 0:03:20]} 30. Ke2 {[%emt 0:00:08]} Ke8 {[%emt 0:00:07]} 31. Kd3 {[%emt 0:00:04]} Kd7 {[%emt 0:00:05]} 32. c4 {[%emt 0:01:28]} Be7 {[%emt 0:00:20]} 33. Be3 {[%emt 0:03:01]} Kc6 {[%emt 0:00:11]} 34. Kc3 {[%emt 0:00:54]} b5 {[%emt 0:01:51]} 35. axb5+ {[%emt 0:00:30]} axb5 {[%emt 0:00:09]} 36. b4 {[%emt 0:00:31]} Bf8 {[%emt 0:00:36]} 37. Kb3 {[%emt 0:00:55]} Bg7 {[%emt 0:00:13]} 38. Bf4 {[%emt 0:00:28]} Kb6 {[%emt 0:00:28]} 39. Be3+ {[%emt 0:00:20]} Kb7 {[%emt 0:00:26]} 40. Bf4 {[%emt 0:00:50]} Kc6 {[%emt 0:00:21]} 41. Kc3 {[%emt 0:30:25]} Bf8 {[%emt 0:31:28]} 42. Be3 {[%emt 0:00:00]} Be7 {[%emt 0:00:00]} 43. Kb3 {[%emt 0:00:00]} Bf8 {[%emt 0:00:00]} 44. Kc3 {[%emt 0:00:00]} Bg7 {[%emt 0:00:00]} 45. Bf4 {[%emt 0:00:00]} Kb6 {[%emt 0:00:00]} 46. Be3+ {[%emt 0:00:00]} Ka6 {[%emt 0:00:00]} 47. Bf4 {[%emt 0:00:00]} Bf8 {[%emt 0:00:00]} 48. Be3 {[%emt 0:00:00]} Be7 {[%emt 0:00:00]} 49. Kb3 {[%emt 0:00:00]} c6 {[%emt 0:00:00]} 50. Kc3 {[%emt 0:00:00]} Kb7 {[%emt 0:00:00]} 51. c5 {[%emt 0:00:00]} Kc7 {[%emt 0:00:00]} 1/2-1/2

[Event "SWE-ch 2018"]
[Site "Ronneby"]
[Date "2018.07.03"]
[Round "4"]
[White "Von Bahr, Oskar"]
[Black "Hector, Jonny"]
[Result "0-1"]
[WhiteElo "2434"]
[BlackElo "2499"]
[Annotator "ChessBase"]
[PlyCount "110"]
[EventDate "2018.06.30"]
[EventType "tourn"]
[EventCountry "SWE"]
[SourceTitle "playchess.com"]
[Source "ChessBase"]
[SourceQuality "1"]
[TimeControl "40/5400+30:1800+30"]

1. e4 {[%emt 0:00:00]} e5 {[%emt 0:00:00]} 2. Nf3 {[%emt 0:00:00]} Nc6 {[%emt 0:00:00]} 3. Bc4 {[%emt 0:00:00]} Nf6 {[%emt 0:00:10]} 4. d4 {[%emt 0:00:12]} exd4 {[%emt 0:00:44]} 5. e5 {[%emt 0:00:11]} Ng4 {[%emt 0:00:52]} 6. O-O {[%emt 0:00:31]} d6 {[%emt 0:01:17]} 7. exd6 {[%emt 0:00:30]} Qxd6 {[%emt 0:00:19]} 8. h3 {[%emt 0:02:01]} Nh6 {[%emt 0:14:04]} 9. Re1+ {[%emt 0:01:52]} Be7 {[%emt 0:04:15]} 10. b3 {[%emt 0:05:39]} Nf5 {[%emt 0:03:48]} 11. Ba3 {[%emt 0:22:31]} Qf6 {[%emt 0:03:17]} 12. Nbd2 {[%emt 0:04:08]} O-O {[%emt 0:04:29]} 13. Ne4 {[%emt 0:03:49]} Qg6 {[%emt 0:00:25]} 14. Bxe7 {[%emt 0:00:59]} Nfxe7 {[%emt 0:00:32]} 15. Neg5 {[%emt 0:01:58]} Qf6 {[%emt 0:15:34]} 16. Ne4 {[%emt 0:07:38]} Qh6 {[%emt 0:09:09]} 17. Nxd4 {[%emt 0:07:20]} Ne5 {[%emt 0:00:27]} 18. Qe2 {[%emt 0:06:51]} N7g6 {[%emt 0:01:19]} 19. Ng3 {[%emt 0:02:51]} Bd7 {[%emt 0:02:56]} 20. Bd3 {[%emt 0:04:00]} Nxd3 {[%emt 0:11:11]} 21. Qxd3 {[%emt 0:01:58]} Rad8 {[%emt 0:00:11]} 22. Rad1 {[%emt 0:03:54]} c5 {[%emt 0:03:12]} 23. Ndf5 {[%emt 0:04:18]} Qg5 {[%emt 0:01:09]} 24. Qe3 {[%emt 0:03:16]} Qxe3 {[%emt 0:01:24]} 25. Rxe3 {[%emt 0:02:15]} Bxf5 {[%emt 0:01:31]} 26. Rxd8 {[%emt 0:00:04]} Rxd8 {[%emt 0:00:14]} 27. Nxf5 {[%emt 0:00:03]} Rd1+ {[%emt 0:00:41]} 28. Kh2 {[%emt 0:00:06]} Kf8 {[%emt 0:00:11]} 29. Rc3 {[%emt 0:01:52]} Rd5 {[%emt 0:01:29]} 30. Ne3 {[%emt 0:03:09]} Re5 {[%emt 0:00:46]} 31. Kg3 {[%emt 0:01:36]} b6 {[%emt 0:00:42]} 32. Rd3 {[%emt 0:01:53]} Rg5+ {[%emt 0:03:19]} 33. Ng4 {[%emt 0:03:51]} h5 {[%emt 0:01:50]} 34. f4 {[%emt 0:00:07]} Rf5 {[%emt 0:03:16]} 35. Ne3 {[%emt 0:00:14]} h4+ {[%emt 0:05:09]} 36. Kh2 {[%emt 0:00:16]} Rxf4 {[%emt 0:00:13]} 37. Rd8+ {[%emt 0:00:09]} Ke7 {[%emt 0:00:22]} 38. Ra8 {[%emt 0:00:25]} Re4 {[%emt 0:00:49]} 39. Rxa7+ {[%emt 0:03:02]} Ke6 {[%emt 0:00:50]} 40. Nc4 {[%emt 0:01:37]} Re2 {[%emt 0:02:23]} 41. Ra6 {[%emt 0:32:32]} Nf4 {[%emt 0:30:35]} 42. Rxb6+ {[%emt 0:00:07]} Kf5 {[%emt 0:05:09]} 43. Nd6+ {[%emt 0:00:00]} Kg6 {[%emt 0:00:00]} 44. a4 {[%emt 0:00:00]} Rxg2+ {[%emt 0:00:00]} 45. Kh1 {[%emt 0:00:00]} Rxc2 {[%emt 0:00:00]} 46. a5 {[%emt 0:00:00]} Ra2 {[%emt 0:00:00]} 47. a6 {[%emt 0:00:00]} Nxh3 {[%emt 0:00:00]} 48. Ne4+ {[%emt 0:00:00]} Kh5 {[%emt 0:00:00]} 49. Nc3 {[%emt 0:00:00]} Ra1+ {[%emt 0:00:00]} 50. Kh2 {[%emt 0:00:08]} Kg4 {[%emt 0:00:00]} 51. b4 {[%emt 0:03:02]} Ng5 {[%emt 0:00:00]} 52. bxc5 {[%emt 0:00:05]} Nf3+ {[%emt 0:00:00]} 53. Kg2 {[%emt 0:00:03]} h3+ {[%emt 0:00:00]} 54. Kf2 {[%emt 0:00:03]} h2 {[%emt 0:00:00]} 55. Rb4+ {[%emt 0:00:20]} Kh3 {[%emt 0:01:11]} 0-1

[Event "SWE-ch 2018"]
[Site "Ronneby"]
[Date "2018.07.04"]
[Round "5"]
[White "Grandelius, Nils"]
[Black "Smith, Axel"]
[Result "1/2-1/2"]
[WhiteElo "2668"]
[BlackElo "2491"]
[Annotator "TA"]
[PlyCount "83"]
[EventDate "2018.06.30"]
[EventType "tourn"]
[EventCountry "SWE"]
[SourceTitle "playchess.com"]
[Source "ChessBase"]
[SourceQuality "1"]

{[%evp 21,83,20,17,16,29,16,26,31,62,1,68,4,0,0,0,0,7,0,0,0,0,0,0,-14,0,-17,32,7,11,7,2,0,0,0,23,0,0,0,0,-1,0,0,0,0,0,0,0,-7,0,0,0,0,8,8,9,10,34,0,1,0,0,0,0,0]} 1. e4 e5 2. Nf3 Nf6 3. d4 Nxe4 4. Bd3 d5 5. Nxe5 Nd7 6. O-O Nxe5 7. dxe5 Nc5 {C43: Petroff Defence: 3 d4} 8. Be3 Be7 9. f4 Nxd3 10. Qxd3 g6 11. Nc3 c6 {LiveBook: 5 Games} 12. Ne2 Bf5 13. Qb3 Qd7 14. Ng3 {[#]} b6 $146 ({Predecessor:} 14... c5 15. Nxf5 gxf5 16. Rad1 {1-0 (62) Areshchenko,A (2710)-Rustemov,A (2544) Germany 2013}) 15. Rad1 (15. Nxf5 $14 Qxf5 16. Qa4) 15... Qe6 (15... Be6 $11) 16. Ne2 (16. Nxf5 $14 gxf5 17. Qa4) 16... c5 17. Rxd5 {With the idea c4.} Bxc2 $1 18. Qb5+ Kf8 19. Nc3 Kg7 20. Rd2 Bf5 21. h3 {[#] g4 is the strong threat.} h5 22. Nd5 Rad8 23. Rfd1 Be4 24. Nxe7 Qxe7 25. Rd7 Rxd7 26. Qxd7 Re8 27. Bf2 Bf5 28. Qd2 Rc8 29. Kh2 Rc7 30. Qc3 Kg8 31. Rd6 Rd7 32. Qd2 Rxd6 33. exd6 Qf6 34. b4 cxb4 35. Qxb4 Bd7 36. Be1 g5 37. fxg5 Qxg5 38. Qe4 Qg6 39. Qe7 Qf5 {The position is equal.} 40. Bh4 Kh7 41. Bg3 b5 42. a3 {Precision: White = 60%, Black = 52%.} 1/2-1/2

[Event "SWE-ch 2018"]
[Site "Ronneby"]
[Date "2018.07.04"]
[Round "5"]
[White "Hillarp Persson, Tiger"]
[Black "Blomqvist, Erik"]
[Result "1/2-1/2"]
[WhiteElo "2534"]
[BlackElo "2505"]
[Annotator "ChessBase"]
[PlyCount "54"]
[EventDate "2018.06.30"]
[EventType "tourn"]
[EventCountry "SWE"]
[SourceTitle "playchess.com"]
[Source "ChessBase"]
[SourceQuality "1"]
[TimeControl "40/5400+30:1800+30"]

1. Nf3 {[%emt 0:00:00]} c5 {[%emt 0:00:30]} 2. c4 {[%emt 0:00:03]} Nf6 {[%emt 0:00:09]} 3. b3 {[%emt 0:01:08]} g6 {[%emt 0:00:59]} 4. Bb2 {[%emt 0:01:05]} Bg7 {[%emt 0:00:43]} 5. g3 {[%emt 0:00:25]} b6 {[%emt 0:00:08]} 6. Bg2 {[%emt 0:00:07]} Bb7 {[%emt 0:00:04]} 7. O-O {[%emt 0:00:44]} O-O {[%emt 0:00:10]} 8. Nc3 {[%emt 0:04:57]} Na6 {[%emt 0:00:53]} 9. a3 {[%emt 0:10:19]} d5 {[%emt 0:02:31]} 10. Nxd5 {[%emt 0:00:19]} Nxd5 {[%emt 0:00:07]} 11. Bxg7 {[%emt 0:00:06]} Kxg7 {[%emt 0:00:11]} 12. cxd5 {[%emt 0:00:08]} Qxd5 {[%emt 0:00:28]} 13. d4 {[%emt 0:05:30]} Rfd8 {[%emt 0:07:11]} 14. e4 Qd6 {[%emt 0:16:46]} 15. d5 {[%emt 0:20:27]} e6 {[%emt 0:01:44]} 16. dxe6 {[%emt 0:10:43]} Qxe6 {[%emt 0:01:16]} 17. Qb1 {[%emt 0:03:56]} Qxe4 {[%emt 0:18:48]} 18. Qb2+ {[%emt 0:00:40]} Kg8 {[%emt 0:00:05]} 19. Rfe1 {[%emt 0:00:15]} Qf5 {[%emt 0:05:15]} 20. Nh4 {[%emt 0:02:31]} Qd7 {[%emt 0:03:00]} 21. Bxb7 {[%emt 0:01:36]} Qxb7 {[%emt 0:00:04]} 22. Qf6 {[%emt 0:00:22]} Re8 {[%emt 0:04:43]} 23. Nf5 {[%emt 0:05:19]} gxf5 {[%emt 0:00:25]} 24. Qg5+ {[%emt 0:00:07]} Kh8 {[%emt 0:00:36]} 25. Qf6+ {[%emt 0:00:06]} Kg8 {[%emt 0:00:05]} 26. Qg5+ {[%emt 0:00:05]} Kh8 {[%emt 0:00:04]} 27. Qf6+ {[%emt 0:00:06]} Kg8 {[%emt 0:00:03]} 1/2-1/2